Loading...
| Current Events | 4 | 12.50 | 50% | 50% | 25% |
| Fine Arts - Classical Music | 4 | 15.00 | 25% | 50% | 75% |
| Fine Arts - Other | 6 | 15.00 | 33% | 100% | 17% |
| Fine Arts - Painting & Sculpture | 3 | 13.33 | 100% | 33% | 0% |
| Geography | 1 | 20.00 | 100% | 100% | 0% |
| History - American | 8 | 11.25 | 50% | 50% | 13% |
| History - European | 3 | 10.00 | 67% | 33% | 0% |
| History - Other | 11 | 12.73 | 55% | 27% | 46% |
| History - World | 4 | 17.50 | 50% | 25% | 100% |
| Literature - American | 9 | 8.89 | 44% | 11% | 33% |
| Literature - British | 9 | 13.33 | 56% | 56% | 22% |
| Literature - European | 10 | 12.00 | 60% | 40% | 20% |
| Literature - World | 5 | 16.00 | 40% | 80% | 40% |
| Mythology | 5 | 14.00 | 40% | 20% | 80% |
| Other Academic | 1 | 30.00 | 100% | 100% | 100% |
| Philosophy | 5 | 10.00 | 60% | 20% | 20% |
| Religion | 8 | 13.75 | 50% | 50% | 38% |
| Science - Biology | 8 | 12.50 | 50% | 25% | 50% |
| Science - Chemistry | 10 | 15.00 | 40% | 50% | 60% |
| Science - Other | 7 | 11.43 | 43% | 57% | 14% |
| Science - Physics | 8 | 8.75 | 38% | 13% | 38% |
| Social Science | 6 | 15.00 | 33% | 67% | 50% |